书目信息 |
| 题名: |
基于生态环境的水利工程施工与创新管理
|
|
| 作者: | 张永昌 , 谢虹 , 焦刘霞 主编 | |
| 分册: | ||
| 出版信息: | 郑州 黄河水利出版社 2020.03 |
|
| 页数: | 274页 | |
| 开本: | 26cm | |
| 丛书名: | ||
| 单 册: | ||
| 中图分类: | TV512 , X52 | |
| 科图分类: | ||
| 主题词: | 水利工程--shui li gong cheng--施工管理--关系--生态环境--环境管理 | |
| 电子资源: | ||
| ISBN: | 978-7-5509-2615-8 | |
| 000 | 01077nam0 2200265 450 | |
| 001 | 2074193149 | |
| 005 | 20201105203645.96 | |
| 010 | @a978-7-5509-2615-8@dCNY68.00 | |
| 100 | @a20200623d2020 em y0chiy50 ea | |
| 101 | 0 | @achi |
| 102 | @aCN@b410000 | |
| 105 | @aak a 000yy | |
| 200 | 1 | @a基于生态环境的水利工程施工与创新管理@Aji yu sheng tai huan jing de shui li gong cheng shi gong yu chuang xin guan li@f主编张永昌, 谢虹, 焦刘霞 |
| 210 | @a郑州@c黄河水利出版社@d2020.03 | |
| 215 | @a274页@c图@d26cm | |
| 320 | @a有书目 (第274页) | |
| 330 | @a本书在基于生态环境的水利工程施工与管理的基础上, 总结国内外水利水电建设先进经验, 从导流工程、爆破工程、土石坝工程、混凝土工程、渠道建筑物工程等施工与管理方面, 研究如何更好地进行水利水电建设绿色施工与科学管理。 | |
| 606 | 0 | @a水利工程@Ashui li gong cheng@x施工管理@x关系@x生态环境@x环境管理 |
| 690 | @aTV512@v5 | |
| 690 | @aX52@v5 | |
| 701 | 0 | @a张永昌@Azhang yong chang@4主编 |
| 701 | 0 | @a谢虹@Axie hong@4主编 |
| 701 | 0 | @a焦刘霞@Ajiao liu xia@4主编 |
| 801 | 0 | @aCN@b人天书店@c20200927 |
| 905 | @aZUCC@dTV512@eZ230 | |
| 基于生态环境的水利工程施工与创新管理/主编张永昌, 谢虹, 焦刘霞.-郑州:黄河水利出版社,2020.03 |
| 274页:图;26cm |
| ISBN 978-7-5509-2615-8:CNY68.00 |
| 本书在基于生态环境的水利工程施工与管理的基础上, 总结国内外水利水电建设先进经验, 从导流工程、爆破工程、土石坝工程、混凝土工程、渠道建筑物工程等施工与管理方面, 研究如何更好地进行水利水电建设绿色施工与科学管理。 |
| ● |
| 相关链接 |
|
|
|
正题名:基于生态环境的水利工程施工与创新管理
索取号:TV512/Z230
 
预约/预借
| 序号 | 登录号 | 条形码 | 馆藏地/架位号 | 状态 | 备注 |
| 1 | 1480828 | 214808289 | 自科库501/501自科库 78排1列5层/ [索取号:TV512/Z230] | 在馆 | |
| 2 | 1480829 | 214808298 | 自科库501/501自科库 78排1列5层/ [索取号:TV512/Z230] | 在馆 |